З живучого племені Дон Кіхотів (Запис № 345185)

МАРК-запис
000 -Лідер
fixed length control field 00688nam a22002537a 4500
003 - Ідентифікатор контрольного номера
control field UA-OsUOA
001 - Контрольний номер
control field 59100
007 - Фіксоване поле фізичного опису
fixed length control field ta
008 - Елементи даних фіксованої довжини – загальна інформація
fixed length control field 20090310b un ||||| |||| 00| 0 ukr d
090 ## - Локальний шифр розміщення
Класифікаційний індекс УДК 821.161.2
Авторський знак (НП) С24
040 ## - Джерело каталогізації
Агенція оригінальної каталогізації UA-OsUOA
Мова каталогізації ukr
Агенція, яка здійснювала перезапис UA-OsUOA
Агенція, яка здійснювала модифікацію UA-OsUOA
041 ## - Код мови
Код мови тексту/ звукової доріжки чи окремого заголовка (П) ukr
080 ## - Індекс Універсальної десяткової класифікації
Індекс Універсальної десяткової класифікації (УДК) (НП) 821.161.2
020 ## - Міжнародний стандартний книжковий номер (ISBN)
Міжнародний стандартний книжковий номер (ISBN) (НП) 978-966-349-128-8
100 ## - Основне введення – ім’я особи
Ім’я особи (НП) Світличний І.
245 ## - Відомості про назву
Назва (НП) З живучого племені Дон Кіхотів
260 ## - Публікація, розповсюдження і т.п. (Вихідні дані)
Місце публікації, розповсюдження і т.п. (П) К.
Ім’я/ наймення видавництва, розповсюджувача і т.п. (П) Грамота
Дата публікації, розповсюдження і т.п. (П) 2008
300 ## - Фізичний опис
Обсяг 812 с.
650 #7 - Додаткове предметне введення – тематичний термін
Тематичний термін чи географічна назва, як елемент введення (НП) 82 Література. Літературознавство
Джерело заголовка чи терміна UDC
700 ## - Додаткове введення – ім'я особи
Ім’я особи (НП) Світлична Н.
942 ## - Додаткові елементи входу (Коха)
Тип елемента Koha Книги
955 ## - Код типу видання за змістом
Код типу видання за змістом (НП) Навчальні видання
Фонди
Стан вилучень Стан втрат Джерело класифікації або схеми стелажів Стан уражень Не для кредиту Постійне місце розташування Поточне розміщення Дата придбання Джерело придбання Вартість, звичайна ціна покупки Інвентарний номер Усього замовленно Повний номер виклику Штрих-код Дата останнього перегляду Ціна ефективна від Тип елемента Koha Код колекції
    Universal Decimal Classification     АБ - Абонемент НБ АБ - Абонемент НБ 10/03/2009 30/2009 53.40 119999   821.161.2 С24 119999 05/04/2022 10/03/2009 Книги  
    Universal Decimal Classification     АБ - Абонемент НБ АБ - Абонемент НБ 10/03/2009 30/2009 53.40 120000   821.161.2 С24 120000 05/04/2022 10/03/2009 Книги  
    Universal Decimal Classification     АБ - Абонемент НБ АБ - Абонемент НБ 10/03/2009 30/2009 53.40 120001   821.161.2 С24 120001 05/04/2022 10/03/2009 Книги  
    Universal Decimal Classification     АБ - Абонемент НБ АБ - Абонемент НБ 09/07/2010 66/2010 53.40 128638   821.161.2 С24 128638 05/04/2022 10/03/2009 Книги  
    Universal Decimal Classification     ЧЗ - Читальна зала ЧЗ - Читальна зала 28/09/2010 82/2010 40.00 129626   821.161.2 С24 129626 06/02/2022 10/03/2009 Книги Колекція Жулинського М.Г.